banner koha

Soja. Testes preliminares sobre os efeitos do retardamento da colheita da soja, cultivar "Vicosa [Minas Gerais] (Registro n. 39959)

MARC details
000 -LÍDER
campo de controle de tamanho fixo 01047nam a22003137a 4500
001 - NÚMERO DE CONTROLE
campo de controle BR8703204
003 - IDENTIFICADOR DO NÚMERO DE CONTROLE
campo de controle BR-BrBNA
005 - DATA E HORÁRIO DA ÚLTIMA TRANSAÇÃO
campo de controle 20230928092600.0
007 - CAMPO FIXO DE DESCRIÇÃO FÍSICA--INFORMAÇÃO GERAL
campo de controle de tamanho fixo ta
008 - CAMPO DE DADOS FIXOS--INFORMAÇÃO GERAL
campo de controle de tamanho fixo 230509b bl.||||| |||| 00| 0 por d
040 ## - FONTE DA CATALOGAÇÃO
Instituição da catalogação original BR-BrBNA
Idioma da catalogação por
Instituição que transcreveu o registro Biblioteca Nacional de Agricultura
041 ## - CÓDIGO DE IDIOMA
Código do idioma do texto/trilha sonora ou título diferente (Por)
072 ## - CÓDIGO DE CATEGORIA DE ASSUNTO
Código de Categoria de Assunto F01
Código do objeto 0336
-- /G514
090 ## - NÚMERO DE CHAMADA LOCAL
-- 0336 BR8703204
100 1# - ENTRADA PRINCIPAL--NOME PESSOAL
Nome pessoal Barros, W. (comp.)
100 1# - ENTRADA PRINCIPAL--NOME PESSOAL
Nome pessoal Sedyama, T.
100 1# - ENTRADA PRINCIPAL--NOME PESSOAL
Nome pessoal Cardoso, A.A.
100 1# - ENTRADA PRINCIPAL--NOME PESSOAL
Nome pessoal Vieira, C.
110 1# - ENTRADA PRINCIPAL--NOME CORPORATIVO
Nome corporativo ou nome da jurisdição Universidade Federal de Vicosa, MG (Brasil). Centro de Ensino de Extensao;
9 (RLIN) 10968
110 1# - ENTRADA PRINCIPAL--NOME CORPORATIVO
Nome corporativo ou nome da jurisdição Associacao de Credito e Assistencia Rural, Belo Horizonte, MG (Brasil)
9 (RLIN) 511
245 1# - TÍTULO
Título Soja. Testes preliminares sobre os efeitos do retardamento da colheita da soja, cultivar "Vicosa [Minas Gerais]
Restante do título Convenio U.F.V./ABCAR
260 3# - PUBLICAÇÃO, DISTRIBUIÇÃO, ETC.
Local de publicação, distribuição, etc. Vicosa, MG (Brasil):
Data da publicação, distribuição, etc. 1973.
300 ## - DESCRIÇÃO FÍSICA
Extensão 3 p.
500 ## - NOTA GERAL
Nota geral Reprint of "Revista Ceres" 19(104): 306-310, 1972
650 ## - ASSUNTO--TERMO TÓPICO
Cabeçalho tópico ou nome geográfico SOJA
650 ## - ASSUNTO--TERMO TÓPICO
Cabeçalho tópico ou nome geográfico COLHEITA
909 ## -
-- 202309
-- Lucia
-- 55
-- Lucia Elande
942 ## - ELEMENTOS DE ENTRADA ADICIONADOS (KOHA)
Tipo de material Koha Livros
Exemplares
Situação do descarte Fonte da classificação ou esquema de arquivamento na estante Situação física Não pode ser emprestado Coleção Biblioteca de origem Biblioteca atual Total de empréstimos Número de telefone completo Código de barras Data de último acesso Número do exemplar Tipo de material Koha Situação das perdas Data de aquisição Fonte de aquisição
  Classificação AGRIS       Biblioteca Nacional de Agricultura - Binagri Biblioteca Nacional de Agricultura - Binagri   0336 BR8703204 0336 BR8703204 25/09/2023 01 Livros   2023-09-25 Portaria Interministerial nº 164/94

BINAGRI

Telefone: (61)3218-2567/2388/3357/2097 - binagri@agro.gov.br

Ministério da Agricultura e Pecuária , Esplanada dos Ministérios, Bloco D, Anexo B, Brasília/DF, CEP: 70.043-900